Normal view
MARC view
- Dr. Awais Mehmood Kamboh.
Entry Personal Name
001 - CONTROL NUMBER
- control field: 19312
003 - CONTROL NUMBER IDENTIFIER
- control field: NUST
005 - DATE AND TIME OF LATEST TRANSACTION
- control field: 20190817114629.0
008 - FIXED-LENGTH DATA ELEMENTS
- fixed length control field: 190817|| aca||aabn | a|a d
040 ## - CATALOGING SOURCE
- Original cataloging agency: NUST
- Transcribing agency: NUST
100 ## - HEADING--PERSONAL NAME
- Personal name: Dr. Awais Mehmood Kamboh.
670 ## - SOURCE DATA FOUND
- Source citation: Work cat.: (NUST): Mir, Mishal Jamil 19311, Custom Peripheral Integration in Open - Source Processors /, 2018.
